Catálogo

Cuestiones actuales de bioética desde una perspectiva de bien común : (Registro nro. 25524)

Detalles MARC
000 -LEADER
fixed length control field 01336cam a2200349 i 4500
001 - CONTROL NUMBER
control field 25524
003 - CONTROL NUMBER IDENTIFIER
control field Mx-PuUPA
005 - DATE AND TIME OF LATEST TRANSACTION
control field 20260512091205.0
008 - FIXED-LENGTH DATA ELEMENTS--GENERAL INFORMATION
fixed length control field 140415s2025 mx gr 000 0 spa d
017 ## - COPYRIGHT OR LEGAL DEPOSIT NUMBER
Copyright or legal deposit number M-23147-2025
020 ## - INTERNATIONAL STANDARD BOOK NUMBER
International Standard Book Number 9791387912499
040 ## - CATALOGING SOURCE
Transcribing agency Mx-PuUPA
Original cataloging agency Mx-PuUPA
Language of cataloging spa
Modifying agency Mx-PuUPA
Description conventions rda
041 0# - LANGUAGE CODE
Language code of text/sound track or separate title spa
245 10 - TITLE STATEMENT
Title Cuestiones actuales de bioética desde una perspectiva de bien común :
Remainder of title documento de análisis y recomendaciones /
Statement of responsibility, etc. editores, José Ramón Amor Pan y Mathias Nebel
264 #1 - PRODUCTION, PUBLICATION, DISTRIBUTION, MANUFACTURE, AND COPYRIGHT NOTICE
Place of production, publication, distribution, manufacture México :
Name of producer, publisher, distributor, manufacturer Instituto Promotor del Bien Común,
Date of production, publication, distribution, manufacture, or copyright notice 2025
300 ## - PHYSICAL DESCRIPTION
Extent 88 páginas ;
Dimensions 24 cm
336 ## - CONTENT TYPE
Fuente rdacontent
Content type term texto
Content type code txt
337 ## - MEDIA TYPE
Source rdamedia
Media type term sin medio
Media type code n
338 ## - CARRIER TYPE
Source rdacarrier
Carrier type term volumen
Carrier type code nc
650 #7 - SUBJECT ADDED ENTRY--TOPICAL TERM
Source of heading or term armarc
Topical term or geographic name entry element Bioética
650 #7 - SUBJECT ADDED ENTRY--TOPICAL TERM
Source of heading or term armarc
Topical term or geographic name entry element Ciencia
General subdivision Aspectos morales y éticos
650 #7 - SUBJECT ADDED ENTRY--TOPICAL TERM
Source of heading or term armarc
Topical term or geographic name entry element Ética médica
700 1# - ADDED ENTRY--PERSONAL NAME
Personal name Amor Pan, José Ramón,
Relator term editor
700 1# - ADDED ENTRY--PERSONAL NAME
Personal name Nebel, Mathias,
Relator term editor
9 (RLIN) 10465
700 1# - ADDED ENTRY--PERSONAL NAME
Personal name Nebel, Mathias,
Relator term autor
9 (RLIN) 10465
700 1# - ADDED ENTRY--PERSONAL NAME
Personal name Herrera Fragoso, Agustín,
Relator term autor
942 ## - ADDED ENTRY ELEMENTS (KOHA)
Source of classification or shelving scheme Dewey Decimal Classification
Koha item type Libro
Classification part 174.2
Item part C65
Existencias
Withdrawn status Lost status Source of classification or shelving scheme Damaged status Not for loan Collection code Home library Current library Shelving location Date acquired Source of acquisition Total Checkouts Full call number Barcode Copy number Price effective from Koha item type Cost, normal purchase price Date last seen Cost, replacement price
    Dewey Decimal Classification     General Biblioteca Karol Wojtyla Biblioteca Karol Wojtyla Sala general 03/12/2013 Donación   174.2 C65 2025 064013 Ej.2 03/12/2013 Libro      
    Dewey Decimal Classification     General Biblioteca Karol Wojtyla Biblioteca Karol Wojtyla Sala general 03/12/2013 Donación   174.2 C65 2025 064170 Ej.3 03/12/2013 Libro      
    Dewey Decimal Classification     General Biblioteca Karol Wojtyla Biblioteca Karol Wojtyla Sala general 03/12/2013 Donación   174.2 C65 2025 47508   03/12/2013 Libro 0.00 07/04/2026 0.00